Learning Resource and Development

New worlds : (Record no. 3769)

MARC details
000 -LEADER
fixed length control field 00728nam a22002417a 4500
005 - DATE AND TIME OF LATEST TRANSACTION
control field 20230512221901.0
008 - FIXED-LENGTH DATA ELEMENTS--GENERAL INFORMATION
fixed length control field 180427t xxu||||| |||| 00| 0 eng d
020 ## - INTERNATIONAL STANDARD BOOK NUMBER
International Standard Book Number 9780073513508
040 ## - CATALOGING SOURCE
Transcribing agency CSPC
082 0# - DEWEY DECIMAL CLASSIFICATION NUMBER
Classification number 428.6
Item number El221n
100 ## - MAIN ENTRY--PERSONAL NAME
Personal name Elder, Janet
Relator term author.
245 00 - TITLE STATEMENT
Title New worlds :
Remainder of title an introduction to college reading/
Statement of responsibility, etc. Janet Elder
250 ## - EDITION STATEMENT
Edition statement 5th
Remainder of edition statement Edition
260 ## - PUBLICATION, DISTRIBUTION, ETC.
Place of publication, distribution, etc. New York :
Name of publisher, distributor, etc. McGraw-Hill,
Date of publication, distribution, etc. 2014.
300 ## - PHYSICAL DESCRIPTION
Extent iv, 659 pages :
Other physical details colored images;
Dimensions 26 cm.
500 ## - GENERAL NOTE
General note Includes Index.
650 10 - SUBJECT ADDED ENTRY--TOPICAL TERM
Topical term or geographic name entry element Reading (Higher Education).
650 10 - SUBJECT ADDED ENTRY--TOPICAL TERM
Topical term or geographic name entry element College Readers.
940 ## - EQUIVALENCE OR CROSS-REFERENCE--UNIFORM TITLE [OBSOLETE] [CAN/MARC only]
Uniform title <a href="Lenie">Lenie</a>
942 ## - ADDED ENTRY ELEMENTS (KOHA)
Koha item type
-- CIR 428.6 El221n 2014
Holdings
Withdrawn status Lost status Damaged status Not for loan Home library Current library Shelving location Date acquired Total Checkouts Full call number Barcode Date last seen Copy number Price effective from Koha item type
        Main Library Main Library Circulation Section 05/12/2023   CIR 428.6 El221n 2014 016484 05/12/2023 1 05/12/2023 Books